Catálogo
 En Linea

Inferencia estadística / (Registro nro. 23404)

Detalles MARC
000 -CABECERA
campo de control de longitud fija 01071nam a2200265 a 4500
001 - NÚMERO DE CONTROL
campo de control 000023908
005 - FECHA Y HORA DE LA ÚLTIMA TRANSACCIÓN
campo de control 20200930022548.0
008 - DATOS DE LONGITUD FIJA--INFORMACIÓN GENERAL
campo de control de longitud fija 110117s1972 mx 000 0 spa d
040 ## - FUENTE DE LA CATALOGACIÓN
Centro catalogador/agencia de origen DO-SdBNP
Lengua de catalogación spa
Centro/agencia transcriptor BNPHU
041 17 - CÓDIGO DE LENGUA
Código de lengua del texto/banda sonora o título independiente spa
Código de lengua original eng
Fuente del código Código de idiomas MARC
082 ## - NÚMERO DE LA CLASIFICACIÓN DECIMAL DEWEY
Número de clasificación nn*
Número de documento/Ítem nn*
049 ## - FONDOS LOCALES (OCLC)
Fondos de biblioteca BNGR
245 00 - MENCIÓN DE TÍTULO
Título Inferencia estadística /
Mención de responsabilidad, etc. Clifford H. Springer... [et al] ; traducción Francisco Paniagua B.
260 ## - PUBLICACIÓN, DISTRIBUCIÓN, ETC.
Lugar de publicación, distribución, etc. México, D. F. :
Nombre del editor, distribuidor, etc. Centro Regional de Ayuda Técnica. Agencia para el Desarrollo Internacional ;
-- Unión Tipográfica Editorial Hispano-América,
Fecha de publicación, distribución, etc. 1972.
300 ## - DESCRIPCIÓN FÍSICA
Extensión 414 p. ;
Dimensiones 23 cm.
490 1# - MENCIÓN DE SERIE
Mención de serie Matemáticas para la dirección de negocios
Designación de volumen o secuencia 3
534 ## - NOTA SOBRE LA VERSIÓN ORIGINAL
Encabezamiento principal del original Título de la obra en inglés :
Mención de título del original Statistical inference
500 ## - NOTA GENERAL
Nota general Incluye índice alfabético.
700 1# - PUNTO DE ACCESO ADICIONAL--NOMBRE DE PERSONA
Nombre de persona Paniagua B., Francisco,
Término indicativo de función/relación tr.
9 (RLIN) 49175
700 1# - PUNTO DE ACCESO ADICIONAL--NOMBRE DE PERSONA
Nombre de persona Springer, Clifford H.
9 (RLIN) 49176
700 1# - PUNTO DE ACCESO ADICIONAL--NOMBRE DE PERSONA
Nombre de persona Herlihy, Robert E.
9 (RLIN) 49177
700 1# - PUNTO DE ACCESO ADICIONAL--NOMBRE DE PERSONA
Nombre de persona Mall, Robert T.
9 (RLIN) 49178
700 1# - PUNTO DE ACCESO ADICIONAL--NOMBRE DE PERSONA
Nombre de persona Beggs, Robert I.
9 (RLIN) 49179
830 #0 - PUNTO DE ACCESO ADICIONAL DE SERIE-TÍTULO UNIFORME
Título uniforme Matemáticas para la dirección de negocios
Designación de volumen o secuencia 3
9 (RLIN) 49180
Existencias
Estado de retiro Estado de pérdida Restricciones de uso No para préstamo Código de colección Localización permanente Ubicación/localización actual Ubicación en estantería Fecha de adquisición Número de inventario Total de préstamos Signatura topográfica completa Código de barras Fecha visto por última vez Precio válido a partir de Tipo de ítem Koha Número de copia
        Monografías: Libros y Folletos General General En catalogación 17.01.2011 LF1   nn* nn* 23908-10 25.06.2020 25.06.2020 Préstamo en sala  
      Préstamo restrigido Monografías: Libros y Folletos General General En catalogación 17.01.2011 LF1   nn* nn* 23908-20 25.06.2020 25.06.2020 Préstamo en sala e. 2

Con tecnología Koha